00203nam a2200085Ia 4500008004100000100002900041245002000070260001800090260000900108180219s9999 xx 000 0 und d aSharma B L Naresh Partap 0aSaririk Shiksha aR Lall Meerut c2013